| 000 | 00640nam a22001697a 4500 | ||
|---|---|---|---|
| 005 | 20251108175235.0 | ||
| 008 | 250721s2012 xx 000 0 ara d | ||
| 082 | 1 | 4 | _a657/دبي |
| 100 | 1 | _aدبيان، السيد عبد المقصود | |
| 245 | 1 | 0 | _aبحوث العمليات في المحاسبة مشاكل القرارات - الصياغة و الحل - نماذج المدخلات و المخرجات ..... / |
| 264 | 1 |
_aالاسكندرية : _bدار التعليم الجامعي، _c2012. |
|
| 300 | _a352 ص. | ||
| 650 | 1 | 7 | _aبحوث العمليات |
| 650 | 1 | 7 | _aالمحاسبة |
| 942 |
_2ddc _cBK |
||
| 999 |
_c129488 _d129488 |
||